000 00651nam a2200241Ia 4500
003 OSt
005 20221007070214.0
006 a|||||r|||| 00| 0
007 ta
008 221006b |||||||| |||| 00| 0 eng d
024 _a14,940
037 _cTextual
040 _aFLL
_cFLL
_beng
041 _2eng
_aeng
082 _aX:958.1.N5, J0
110 _aInternational labour organisation
245 0 _aSocial security
260 _aGeneva
_bInternational labour office Geneva
_c1950
300 _a69p
_ccm.
700 _aInternational labour organisation
942 _hX:958.1.N5, J0
_cTEXL
_2CC
999 _c1139782
_d1139782